les 10 plus grand groupe musical du Quebec - Statistiques

Statistiques générales
  • Ce quiz a été pris 31 fois
  • Le résultat moyen est 2 sur 10
Statistiques - réponses
Hint Réponse % Correct
5 Les Cowboys Fringant
84%
3 Les Coloc
80%
7 Arcade Fire
8%
9 Anonymus
0%
8 Daniel Bélanger
0%
1 Jean Leloup
0%
6 Malajube
0%
10 Monon'c Serge
0%
4 Richard Séguin
0%
2 Voivod
0%
Aucun quiz correspondant
Distribution des résultats
% des personnes avec chaque résultat
Percentile par nombre de réponses
Votre historique - résultats
Vous n’avez pas pris ce quiz